|
|
|
|
| LEADER |
01393nam a2200349 a 4500 |
| 001 |
28871 |
| 003 |
BD-DhAAL |
| 005 |
20230525134737.0 |
| 008 |
150131s1985 ncua b s001 0 eng |
| 010 |
|
|
|a 84017374
|
| 020 |
|
|
|a 0807816396
|
| 020 |
|
|
|a 0807841285 (pbk.)
|
| 040 |
|
|
|a DLC
|c DLC
|d DLC
|d BD-DhAAL
|
| 050 |
0 |
0 |
|a PJ827
|b .S3313 1985
|
| 082 |
0 |
0 |
|a 809.19351
|2 19
|
| 100 |
1 |
|
|a Schimmel, Annemarie,
|d 1922-2003.
|9 7747
|
| 240 |
1 |
0 |
|a Und Muhammad ist sein Prophet.
|l English
|
| 245 |
1 |
0 |
|a And Muhammad is his messenger :
|b the veneration of the Prophet in Islamic piety /
|c by Annemarie Schimmel.
|
| 260 |
|
|
|a Chapel Hill :
|b University of North Carolina Press,
|c c1985.
|
| 300 |
|
|
|a xii, 377 p. :
|b ill. ;
|c 24 cm.
|
| 490 |
1 |
|
|a Studies in religion
|
| 500 |
|
|
|a Translation of: Und Muhammad ist sein Prophet.
|
| 500 |
|
|
|a Includes indexes.
|
| 504 |
|
|
|a Bibliography: p. [315]-341.
|
| 541 |
|
|
|e 28871
|
| 600 |
0 |
0 |
|a Muḥammad,
|c Prophet,
|d -632
|x In literature.
|9 7748
|
| 600 |
0 |
0 |
|a Muḥammad,
|c Prophet,
|d -632
|x Cult.
|9 7749
|
| 650 |
|
0 |
|a Islamic poetry
|x History and criticism.
|9 7750
|
| 830 |
|
0 |
|a Studies in religion (Chapel Hill, N.C.)
|9 7751
|
| 942 |
|
|
|2 ddc
|c BK
|
| 999 |
|
|
|c 33538
|d 33538
|
| 952 |
|
|
|0 0
|1 0
|2 ddc
|4 0
|6 809_193510000000000_SCH
|7 0
|9 52385
|a BRACUL
|b BRACUL
|c GEN
|d 2015-01-31
|e Trim Education
|g 4725.00
|l 5
|m 40
|o 809.19351 SCH
|p 3010028871
|r 2019-08-01
|s 2019-05-29
|t 1
|w 2015-01-31
|y BK
|